Holidays Quiz - Statistics

General Stats
  • This quiz has been taken 75 times
  • The average score is 8 of 9
Answer Stats
Hint Answer % Correct
Most popular holiday. The birthday of Jesus Christ. Christmas
100%
Bunny leaves candy filled eggs for you to find. Easter
100%
Celebrated on January 1st. New Years
97%
Children dress in costumes and collect candy. Halloween
95%
Spend time with family and have a large feast. Thanksgiving
93%
Celebrates the day America declared independence from Britain. Independence Day
92%
Celebrates American workers on the first monday of September. Labor Day
76%
Celebrates former soldiers. Veteran's day.
76%
Hindu holiday celebrated to conquer evil. Diwali
31%
No matching quizzes found
Score Distribution
Percent of People with Each Score
Percentile by Number Answered
Your Score History
You have not taken this quiz